H [infinity] control for singular linear time-invariant systems /
Saved in:
| Main Author: | |
|---|---|
| Format: | Thesis Book |
| Language: | English |
| Published: |
1997.
|
| Subjects: | |
| Tags: |
Add Tag
No Tags, Be the first to tag this record!
|
| LEADER | 00796cam a2200241 a 4500 | ||
|---|---|---|---|
| 001 | u420558 | ||
| 003 | SIRSI | ||
| 008 | 980217s1997 si v 00 1 eng m | ||
| 035 | |a ACE-6016 | ||
| 040 | |a UMM | ||
| 090 | |a QA402.3 |b He | ||
| 100 | 1 | 0 | |a He, Jun |
| 245 | 1 | 0 | |a H [infinity] control for singular linear time-invariant systems / |c by He Jun. |
| 260 | |c 1997. | ||
| 300 | |a viii, 75 leaves ; |c 30 cm. | ||
| 500 | |a [infinity] is represented as infinity symbol. | ||
| 502 | |a Dissertation (M.Eng.) -- National University of Singapore, 1997. | ||
| 504 | |a Bibliography: leaves 70-75. | ||
| 650 | 0 | |a H [infinity symbol] control. | |
| 650 | 0 | |a Linear time invariant systems. | |
| 948 | |a 17/02/1998 |b 25/11/2000 | ||
| 596 | |a 1 | ||
| 999 | |a QA402.3 HE |w LC |c 1 |i A507495778 |l STACKS |m P01UTAMA |r Y |s Y |t TESIS |u 23/7/1998 | ||
